MARC

Tag First Indicator Second Indicator Subfields
LEADER 00000cam a2200000 a 4500
001 in00000016984
005 20151007053341.0
008 850613r1983 ck ab b f00010 spa
010 |a  84190997  
034 1 |a a  |b 3000000  |d W0790000  |e W0760000  |f N0090000  |g N0010000 
035 |a (OCoLC)12236749 
035 |9 AAB1331AM 
040 |a DLC  |c DLC  |d m/c  |d TXA  |d UtOrBLW 
043 |a s-ck--- 
049 |a TXAC  |c [A11072059] 
050 0 0 |a G1730  |b .I44 1983 
082 0 |a 912/.861  |2 19 
110 2 |a Instituto Geográfico "Agustín Codazzi." 
245 1 0 |a Atlas regional Pacífico. 
255 |a Scale 1:3,000,000  |c (W 79⁰--W 76⁰/N 9⁰--N 1⁰). 
264 1 |a [Bogotá] :  |b Colombia, Ministerio de Hacienda y Crédito Público, Instituto Geográfico "Agustín Codazzi",  |c [1983] 
300 |a 1 atlas (96 pages) :  |b illustrations (some color), color maps ;  |c 49 cm. 
336 |a text  |b txt  |2 rdacontent 
337 |a unmediated  |b n  |2 rdamedia 
338 |a volume  |b nc  |2 rdacarrier 
500 |a Cover title. 
504 |a Bibliography: pages 95-96. 
500 |a Errata slip inserted. 
505 0 |a El medio natural -- Geografía de la población -- Aspectos económicos -- Comunicaciones y servicios -- Elementos de organización regional. 
651 0 |a Colombia  |v Maps. 
651 0 |a Colombia  |x Economic conditions  |x Maps. 
651 0 |a Colombia  |x Social conditions  |x Maps. 
650 0 |a Infrastructure (Economics)  |z Colombia  |x Maps. 
999 |a MARS 
999 f f |s 23643a1d-35e8-3c6f-a802-8b4fc53944d4  |i c5748b20-939d-3680-82c2-db35538d9a62  |t 0 
952 f f |p normal  |a Texas A&M University  |b College Station  |c Sterling C. Evans Library  |d Evans: Maps (2nd floor)  |t 0  |e G1730 .I44 1983  |f Oversize  |h Library of Congress classification  |i unmediated -- volume  |m A14811072059 
998 f f |a G1730 .I44 1983  |t 0  |l Evans: Maps (2nd floor)